000 00254nam a2200109Ia 4500
008 190907s9999||||xx |||||||||||||| ||und||
100 _aCopi,Irving M.
245 0 _aIntroduction to Logic
260 _aIndia
_bMacmillan
_c1994
300 _a729
942 _cBK
999 _c6476
_d6476